000
00272nam a2200109Ia 4500
008
220204s9999 xx 000 0 und d
020
_a
8190186604
082
_a
0582004
_b
MAN
245
0
_a
Manorama yearbook 2004
260
_a
Kottayam
_b
Malayala Manorama
_c
2004
942
_c
BK
999
_c
42207
_d
42207